[Event "OLNW 2324 Braunschweig Gliesm. - SK Kirc"]
[Site "?"]
[Date "2024.01.14"]
[Round "4.3"]
[White "Zaja, Ivan"]
[Black "Cebulla, Konstantin"]
[Result "1-0"]
[WhiteElo "2419"]
[BlackElo "2091"]
[PlyCount "77"]
[EventDate "2024.??.??"]

1. d4 d5 2. c4 e6 3. Nc3 c5 4. cxd5 cxd4 5. Qa4+ Bd7 6. Qxd4 exd5 7. Qxd5 Nf6 8. Qd1 Nc6 9. Nf3 Bc5 10. e3 Qe7 11. Be2 O-O-O 12. O-O g5 13. b4 Bxb4 14. Bb2 g4 15. Nd4 Rhg8 16. Qc2 Rg6 17. Ncb5 Kb8 18. a3 Ba5 19. Nf5 Qe6 20. Nbd6 Bc7 21. Bc4 Nd5 22. e4 Bxd6 23. Bxd5 Qe8 24. Nxd6 Rxd6 25. Rab1 Qe7 26. Bc1 Rxd5 27. exd5 Nd4 28. Bf4+ Ka8 29. Qc7 b6 30. Rfe1 Qh4 31. Re4 Nf3+ 32. gxf3 gxf3 33. Bg3 Qh3 34. Qxd8+ Kb7 35. Qb8+ Ka6 36. Rxb6+ axb6 37. Qa8+ Kb5 38. Qa4+ Kc5 39. Qc4# 1-0

[Event "OLNW 2324 Braunschweig Gliesm. - SK Kirc"]
[Site "?"]
[Date "2024.01.14"]
[Round "4.4"]
[White "Dahmen, Christoph"]
[Black "Kovacevic, Blazimir"]
[Result "0-1"]
[WhiteElo "2107"]
[BlackElo "2381"]
[PlyCount "64"]
[EventDate "2024.??.??"]

1. e4 e6 2. Nf3 d5 3. exd5 exd5 4. d4 Nc6 5. Bf4 Bd6 6. Bxd6 Qxd6 7. Bd3 Qb4+ 8. Nbd2 Nxd4 9. O-O Nxf3+ 10. Nxf3 Ne7 11. Re1 O-O 12. Re5 f6 13. Rh5 g6 14. Rh4 Qd6 15. c4 Bf5 16. Nd4 Bxd3 17. Qxd3 c6 18. Re1 Rf7 19. Re6 Qd7 20. Qe2 dxc4 21. Rhe4 Nd5 22. h4 f5 23. R4e5 Nc7 24. Re7 Qxd4 25. Rxf7 Kxf7 26. Re7+ Kf8 27. Rxc7 Re8 28. Qf3 Re1+ 29. Kh2 Qxh4+ 30. Qh3 Qxh3+ 31. Kxh3 Re7 32. Rc8+ Kf7 0-1

[Event "OLNW 2324 Braunschweig Gliesm. - SK Kirc"]
[Site "?"]
[Date "2024.01.14"]
[Round "4.5"]
[White "Genov, Petar"]
[Black "Nimtz, Manfred"]
[Result "1-0"]
[WhiteElo "2410"]
[BlackElo "2163"]
[PlyCount "69"]
[EventDate "2024.??.??"]

1. Nf3 c5 2. c4 Nc6 3. Nc3 g6 4. e3 Bg7 5. d4 d6 6. d5 Na5 7. e4 Nf6 8. Bd3 O-O 9. h3 a6 10. O-O Bd7 11. a4 Rb8 12. Re1 e5 13. Rb1 b6 14. Be3 Nb7 15. Nd2 Nh5 16. Bf1 h6 17. Kh2 Kh7 18. g3 f5 19. exf5 Bxf5 20. Nde4 Nf6 21. Bg2 Bxe4 22. Nxe4 Qd7 23. Qc2 b5 24. axb5 axb5 25. b3 Nd8 26. b4 cxb4 27. Rxb4 Nf7 28. Qb1 Rfc8 29. Rxb5 Rxb5 30. Qxb5 Qxb5 31. Nxf6+ Bxf6 32. cxb5 Nd8 33. Ra1 Rb8 34. Ra7+ Nb7 35. Bb6 1-0

[Event "OLNW 2324 Braunschweig Gliesm. - SK Kirc"]
[Site "?"]
[Date "2024.01.14"]
[Round "4.6"]
[White "Clemens, Christian"]
[Black "Medak, Bojan"]
[Result "0-1"]
[WhiteElo "2167"]
[BlackElo "2328"]
[PlyCount "122"]
[EventDate "2024.??.??"]

1. g3 d5 2. Nf3 Nf6 3. Bg2 c6 4. O-O Bf5 5. b3 h6 6. Bb2 e6 7. d3 Be7 8. Nbd2 O-O 9. c4 Nbd7 10. a3 a5 11. cxd5 cxd5 12. Rc1 Qb6 13. Qc2 Rfe8 14. Qc7 Qa6 15. e4 Bg6 16. e5 Bd8 17. Qc3 Nh7 18. d4 Nb6 19. Rfe1 Bd3 20. Bf1 Bxf1 21. Rxf1 a4 22. b4 Qb5 23. Qe3 Be7 24. Rc2 Rac8 25. Rfc1 Rxc2 26. Rxc2 Qd7 27. Ne1 Rc8 28. Rc3 Nc4 29. Nxc4 dxc4 30. h4 b5 31. Nf3 Qd5 32. Rc2 f5 33. exf6 Bxf6 34. Re2 Nf8 35. Bc3 Qf5 36. Kg2 Rd8 37. Qe4 Qxe4 38. Rxe4 Kf7 39. Ne5+ Ke8 40. Kf3 Rd5 41. Ng4 Kf7 42. Ke3 Ng6 43. f4 Ne7 44. Kf3 Nc6 45. Ke3 h5 46. Nh2 Ne7 47. Nf3 Rd6 48. Ng5+ Bxg5 49. hxg5 Rd8 50. Re5 Nf5+ 51. Kf2 Nxd4 52. Bxd4 Rxd4 53. Rxb5 Rd2+ 54. Ke1 Rd3 55. Rc5 Rxa3 56. Rxc4 Rxg3 57. b5 a3 58. Ra4 Kg6 59. b6 Rb3 60. b7 Rxb7 61. Rxa3 Rb4 0-1

[Event "OLNW 2324 Braunschweig Gliesm. - SK Kirc"]
[Site "?"]
[Date "2024.01.14"]
[Round "4.7"]
[White "Vernacki, Srdjan"]
[Black "Horn, Matthias"]
[Result "1/2-1/2"]
[WhiteElo "2270"]
[BlackElo "2134"]
[PlyCount "126"]
[EventDate "2024.??.??"]

1. c4 c5 2. b3 Nf6 3. Bb2 e6 4. Nf3 b6 5. e3 Bb7 6. Be2 Be7 7. O-O O-O 8. a3 d6 9. Qc2 Nbd7 10. d3 Rc8 11. Nbd2 Qc7 12. Rac1 Qb8 13. Qb1 Qa8 14. Rfd1 Rfe8 15. Nf1 Bf8 16. Qa1 e5 17. N1d2 h6 18. Ne1 d5 19. cxd5 Nxd5 20. Nef3 Qb8 21. Bf1 Rcd8 22. Nc4 f6 23. Re1 Ne7 24. Be2 Bd5 25. Qb1 Bf7 26. Bd1 Nd5 27. Bc2 Qa8 28. Nh4 b5 29. Nd2 Ne7 30. Ne4 Qb8 31. Ng3 Nb6 32. h3 a6 33. Nhf5 Nxf5 34. Nxf5 Nd5 35. Nh4 Ne7 36. Nf3 Nd5 37. Bd1 Qb6 38. Be2 Rc8 39. Nd2 Rcd8 40. Qc2 Qb8 41. Ne4 Rc8 42. Red1 f5 43. Nd2 f4 44. exf4 Nxf4 45. Bf1 Ne6 46. g3 Nd4 47. Bxd4 exd4 48. a4 Bd5 49. axb5 axb5 50. Bg2 Bxg2 51. Kxg2 Re2 52. Re1 Qb7+ 53. Kg1 Qe7 54. Rxe2 Qxe2 55. Ne4 Qf3 56. Nd2 Qd5 57. Re1 Ra8 58. b4 Ra3 59. Rb1 Qa8 60. Ne4 Ra2 61. Rb2 Ra1+ 62. Rb1 Ra2 63. Rb2 Ra1+ {(=)} 1/2-1/2

[Event "OLNW 2324 SV Werder Bremen III - SK Nord"]
[Site "?"]
[Date "2024.01.14"]
[Round "4.1"]
[White "Kroeze, Frank"]
[Black "Lobzhanidze, Davit"]
[Result "1/2-1/2"]
[WhiteElo "2394"]
[BlackElo "2403"]
[PlyCount "59"]
[EventDate "2024.??.??"]

1. e4 e5 2. Nf3 Nc6 3. d4 exd4 4. Nxd4 Nf6 5. Nxc6 bxc6 6. Nd2 d6 7. b3 g6 8. Bb2 Bg7 9. Bd3 O-O 10. O-O c5 11. Nc4 Nd7 12. Bxg7 Kxg7 13. f4 Nb6 14. Qd2 Nxc4 15. Bxc4 Bb7 16. Rae1 f6 17. h4 Qe7 18. Bd5 c6 19. Bc4 Rad8 20. Qc3 Bc8 21. Re3 Be6 22. Rfe1 Bxc4 23. Qxc4 Rfe8 24. Qc3 Qf8 25. h5 d5 26. exd5 cxd5 27. Qa5 Rxe3 28. Rxe3 Rd7 29. Qb5 Qd6 30. hxg6 1/2-1/2

[Event "OLNW 2324 SV Werder Bremen III - SK Nord"]
[Site "?"]
[Date "2024.01.14"]
[Round "4.2"]
[White "Lichmann, Peter"]
[Black "Maatman, Nick"]
[Result "1/2-1/2"]
[WhiteElo "2333"]
[BlackElo "2375"]
[PlyCount "129"]
[EventDate "2024.??.??"]

1. e4 c6 2. d3 d5 3. Nd2 e5 4. Ngf3 Bd6 5. g3 Nf6 6. Bg2 O-O 7. O-O Re8 8. h3 a5 9. Re1 Nbd7 10. Nf1 a4 11. Nh4 a3 12. b3 Bb4 13. Bd2 Bxd2 14. Qxd2 dxe4 15. dxe4 Nc5 16. Qe3 Qd4 17. Qxd4 exd4 18. e5 Nd5 19. Bxd5 cxd5 20. Nf3 d3 21. b4 Na6 22. c3 Bxh3 23. Ne3 Bd7 24. Rad1 Bb5 25. Nd4 Bc4 26. Nxc4 dxc4 27. Nb5 Rec8 28. Re4 Nc7 29. Nd6 Nd5 30. Rxc4 Rxc4 31. Nxc4 Nxc3 32. Rxd3 Nxa2 33. b5 Kf8 34. Nxa3 Nc1 35. Re3 Rc8 36. Kf1 Ke7 37. Ke1 Na2 38. Kd2 Nb4 39. Rc3 Rd8+ 40. Ke2 Nd5 41. Rd3 Ke6 42. f4 Rc8 43. Rd4 g6 44. Rc4 Rxc4 45. Nxc4 Nc3+ 46. Kd3 Nxb5 47. Na5 f6 48. Nxb7 fxe5 49. fxe5 Kxe5 50. Ke3 Kf5 51. Nc5 Kg4 52. Ne4 h6 53. Kf2 Kh3 54. Kf3 Nd4+ 55. Kf4 Nc6 56. Nf2+ Kg2 57. Ng4 g5+ 58. Kf5 Ne7+ 59. Kf6 Ng8+ 60. Kg6 Kxg3 61. Nxh6 Kf4 62. Nxg8 g4 63. Nf6 g3 64. Nh5+ Kf3 65. Nxg3 1/2-1/2

[Event "OLNW 2324 SV Werder Bremen III - SK Nord"]
[Site "?"]
[Date "2024.01.14"]
[Round "4.3"]
[White "Elgersma, Simon"]
[Black "Ewert, Hannes"]
[Result "1-0"]
[WhiteElo "2233"]
[BlackElo "2256"]
[PlyCount "83"]
[EventDate "2024.??.??"]

1. e4 e5 2. Nf3 Nc6 3. Bb5 a6 4. Ba4 Nf6 5. d3 d6 6. c3 Be7 7. O-O O-O 8. Re1 b5 9. Bc2 Re8 10. Nbd2 Bf8 11. h3 h6 12. Nf1 Ne7 13. d4 Ng6 14. Ng3 c5 15. a4 Bb7 16. d5 Nf4 17. Be3 N6h5 18. Nxh5 Nxh5 19. Nxe5 Rxe5 20. f4 Nxf4 21. Bxf4 Re8 22. Qd3 g6 23. axb5 axb5 24. Qxb5 Qc7 25. Rxa8 Rxa8 26. Kh1 Bg7 27. Ba4 Rd8 28. Rf1 Qe7 29. Qd3 Bc8 30. b4 cxb4 31. cxb4 f5 32. exf5 Bxf5 33. Qe3 Qh4 34. Bc6 Rf8 35. Bxd6 Bxh3 36. Rxf8+ Bxf8 37. Bg3 Bxg2+ 38. Kxg2 Qxb4 39. Qe6+ Kh7 40. Qf7+ Bg7 41. d6 Qd2+ 42. Qf2 1-0

[Event "OLNW 2324 SV Werder Bremen III - SK Nord"]
[Site "?"]
[Date "2024.01.14"]
[Round "4.4"]
[White "Kardoeus, David"]
[Black "Rietman, Frits"]
[Result "0-1"]
[WhiteElo "2150"]
[BlackElo "2213"]
[PlyCount "64"]
[EventDate "2024.??.??"]

1. e4 d5 2. exd5 Qxd5 3. Nc3 Qd8 4. d4 Nf6 5. Nf3 Bg4 6. h3 Bxf3 7. Qxf3 c6 8. Bf4 e6 9. O-O-O Bb4 10. Ne4 Nxe4 11. Qxe4 Qd5 12. Bd3 Bd6 13. Bxd6 Qxd6 14. Qg4 O-O 15. Qh4 g6 16. Rhe1 Rd8 17. c3 Nd7 18. f4 Re8 19. Kb1 Rad8 20. g4 Qf8 21. Qf2 a6 22. h4 c5 23. h5 cxd4 24. cxd4 Nf6 25. hxg6 hxg6 26. g5 Nh5 27. Rh1 Qd6 28. Rxh5 gxh5 29. Qh4 Kg7 30. Be4 Qb6 31. g6 Rxd4 32. Rg1 Rd2 0-1

[Event "OLNW 2324 SV Werder Bremen III - SK Nord"]
[Site "?"]
[Date "2024.01.14"]
[Round "4.5"]
[White "Bertholee, Rob"]
[Black "Heldt, Nils-Lennart"]
[Result "1/2-1/2"]
[WhiteElo "2318"]
[BlackElo "2061"]
[PlyCount "91"]
[EventDate "2024.??.??"]

1. c4 c6 2. e4 d5 3. exd5 cxd5 4. d4 Nf6 5. Nc3 Nc6 6. Bg5 dxc4 7. Bxc4 e6 8. d5 exd5 9. Nxd5 Be7 10. Bxf6 Bxf6 11. Qe2+ Be6 12. Nxf6+ Qxf6 13. Bxe6 Qxe6 14. Qxe6+ fxe6 15. Nf3 Ke7 16. O-O Rad8 17. Rac1 Rd5 18. Rfe1 Rhd8 19. a3 g5 20. h3 Kf6 21. Kf1 h5 22. Rc4 e5 23. Rec1 Rd1+ 24. Ke2 Rxc1 25. Rxc1 g4 26. hxg4 hxg4 27. Nh2 Nd4+ 28. Ke1 g3 29. fxg3 Rh8 30. Nf1 b5 31. Kf2 Ke6 32. Ne3 Rf8+ 33. Ke1 Kd6 34. g4 a5 35. Rc3 b4 36. axb4 axb4 37. Rc4 b3 38. Ra4 Rc8 39. Nc4+ Kc5 40. Kd2 Rd8 41. Kc3 Nb5+ 42. Kxb3 Rd3+ 43. Kc2 e4 44. Ne5 Nd4+ 45. Kc1 Nb3+ 46. Kc2 1/2-1/2

[Event "OLNW 2324 SV Werder Bremen III - SK Nord"]
[Site "?"]
[Date "2024.01.14"]
[Round "4.6"]
[White "Steffens, Olaf"]
[Black "Stotyn, Fabian"]
[Result "1-0"]
[WhiteElo "2172"]
[BlackElo "2139"]
[PlyCount "81"]
[EventDate "2024.??.??"]

1. Nc3 e6 2. g3 d5 3. Bg2 d4 4. Nb1 Nf6 5. d3 Nc6 6. Nf3 Bc5 7. c3 e5 8. O-O O-O 9. b4 Bb6 10. b5 Ne7 11. Bb2 dxc3 12. Nxc3 Ng6 13. Na4 Re8 14. Nxb6 axb6 15. Qc2 Bd7 16. a4 c6 17. d4 e4 18. Ne5 cxb5 19. axb5 Ra5 20. Rab1 Rxb5 21. Qc4 Rd5 22. Bxe4 Bb5 23. Bxd5 Bxc4 24. Bxc4 Nxe5 25. dxe5 Ng4 26. Bb5 h5 27. Rfd1 Qe7 28. Rd7 Qb4 29. e6 Nh6 30. exf7+ Nxf7 31. Bd3 Re7 32. Rd5 Qg4 33. Ra1 Re8 34. Ra7 Ng5 35. Rxb7 Ne6 36. Rdd7 Qb4 37. Be5 Qa5 38. Bxg7 h4 39. Bh7+ Kxh7 40. Bc3+ Kg6 41. Bxa5 1-0

[Event "OLNW 2324 SV Werder Bremen III - SK Nord"]
[Site "?"]
[Date "2024.01.14"]
[Round "4.7"]
[White "Schulz, Jens"]
[Black "Franke, Reiner"]
[Result "1-0"]
[WhiteElo "2152"]
[BlackElo "2166"]
[PlyCount "75"]
[EventDate "2024.??.??"]

1. e4 c5 2. Nc3 g6 3. f4 Nc6 4. Nf3 Bg7 5. g3 d6 6. Bg2 e6 7. O-O Nge7 8. d3 Rb8 9. Ne2 e5 10. c3 O-O 11. Be3 b6 12. d4 cxd4 13. cxd4 Ba6 14. Rf2 Bxe2 15. Rxe2 exf4 16. Bxf4 Qd7 17. Qd2 Rbc8 18. Bh6 f6 19. Rae1 d5 20. Bxg7 Kxg7 21. e5 f5 22. Qf4 h6 23. e6 Qc7 24. Ne5 Nxe5 25. Rxe5 Qc6 26. h4 Rf6 27. Kh2 Qd6 28. R1e2 Qc6 29. Rf2 Rcf8 30. Rfe2 Rc8 31. Qf3 Rd8 32. Qa3 Kf8 33. Qxa7 f4 34. Qa3 Qc4 35. Rd2 Qc6 36. gxf4 Rd6 37. Rc2 Qxc2 38. Qxd6 1-0

[Event "OLNW 2324 SV Werder Bremen III - SK Nord"]
[Site "?"]
[Date "2024.01.14"]
[Round "4.8"]
[White "Diederichsen, Detlev"]
[Black "Bierenbroodspot, Paul"]
[Result "1-0"]
[WhiteElo "2152"]
[BlackElo "2098"]
[PlyCount "53"]
[EventDate "2024.??.??"]

1. e4 d5 2. exd5 Qxd5 3. Nc3 Qa5 4. Nf3 Nf6 5. g3 h5 6. h3 Nc6 7. Bg2 g5 8. b4 Nxb4 9. Nd4 Qe5+ 10. Nde2 c6 11. O-O Bf5 12. d3 Nbd5 13. Nxd5 Nxd5 14. Rb1 Qc7 15. c4 Nf6 16. Nd4 Bd7 17. Bxg5 O-O-O 18. Re1 Bh6 19. Bxh6 Rxh6 20. Qc1 Ng8 21. Rxe7 Rd6 22. Re4 Be8 23. Qe3 Bd7 24. Nb3 Bf5 25. Rd4 Bxd3 26. Qxd3 Rxd4 27. Nxd4 1-0

[Event "OLNW 2324 Hamelner SV - SK Union Oldenbu"]
[Site "?"]
[Date "2024.01.14"]
[Round "4.1"]
[White "Wittje, Berthold"]
[Black "Bode, Wilfried"]
[Result "1/2-1/2"]
[WhiteElo "2256"]
[BlackElo "2341"]
[PlyCount "48"]
[EventDate "2024.??.??"]

1. Nf3 d5 2. g3 Bg4 3. Bg2 c6 4. c4 e6 5. cxd5 exd5 6. O-O Nf6 7. d3 Be7 8. Nc3 O-O 9. e4 Na6 10. h3 dxe4 11. dxe4 Qxd1 12. Rxd1 Bxf3 13. Bxf3 Rfd8 14. Be3 Bc5 15. Bg5 Bd4 16. Ne2 Be5 17. Be3 Re8 18. Rd2 Bc7 19. Nc3 Bb6 20. Bf4 h6 21. h4 Bc7 22. Be3 Bb6 23. Bf4 Bc7 24. Be3 Bb6 1/2-1/2

[Event "OLNW 2324 Hamelner SV - SK Union Oldenbu"]
[Site "?"]
[Date "2024.01.14"]
[Round "4.2"]
[White "Tonndorf, Matthias"]
[Black "Mueer, Sebastian"]
[Result "1/2-1/2"]
[WhiteElo "2184"]
[BlackElo "2189"]
[PlyCount "205"]
[EventDate "2024.??.??"]

1. e4 c5 2. Nf3 e6 3. d4 cxd4 4. Nxd4 Nf6 5. Nc3 Nc6 6. g3 d5 7. Bb5 Bd7 8. exd5 exd5 9. O-O Be7 10. Re1 O-O 11. Bf4 Rc8 12. Nxc6 Bxc6 13. Be3 Bb4 14. Bxc6 Rxc6 15. Bd4 Ne4 16. Qg4 Rg6 17. Qf5 Qa5 18. Qxd5 Nxc3 19. Qxa5 Bxa5 20. bxc3 Rc6 21. Re7 Bxc3 22. Bxc3 Rxc3 23. Rxb7 Rxc2 24. Rxa7 h5 25. h4 g6 26. Rd1 Kg7 27. Rdd7 Rb2 28. Kg2 Rc2 29. Rd4 Kg8 30. Rda4 Kg7 31. Ra8 Rxa8 32. Rxa8 f6 33. Ra7+ Kh6 34. a4 g5 35. hxg5+ fxg5 36. a5 Ra2 37. a6 g4 38. Kf1 Kg6 39. Ra8 Kg7 40. Ke1 Kh7 41. a7 Kg7 42. Kd1 Kh7 43. Kc1 Kg7 44. Kb1 Ra5 45. Kb2 Ra6 46. Kb3 Ra5 47. Kb4 Ra2 48. Kc5 Rc2+ 49. Kd4 Rd2+ 50. Ke3 Ra2 51. Ke4 Ra4+ 52. Kd3 Ra2 53. Kc4 Ra5 54. Kb4 Ra2 55. Kb5 Rb2+ 56. Kc6 Rc2+ 57. Kd5 Rd2+ 58. Kc5 Rc2+ 59. Kd6 Rd2+ 60. Kc5 Rc2+ 61. Kd4 Rd2+ 62. Ke3 Ra2 63. Kd3 Kh7 64. Kc4 Kg7 65. Kb4 Kh7 66. Kb3 Ra5 67. Kc4 Kg7 68. Kd4 Ra2 69. Ke4 Re2+ 70. Kf4 Rxf2+ 71. Kg5 Ra2 72. Kxh5 Ra4 73. Kg5 Kh7 74. Kf6 Ra5 75. Ke6 Kg7 76. Kd6 Kh7 77. Kc6 Ra1 78. Kb6 Rb1+ 79. Kc5 Rc1+ 80. Kd4 Ra1 81. Ke5 Ra4 82. Kf5 Kg7 83. Kg5 Kh7 84. Kf6 Ra5 85. Re8 Rxa7 86. Re7+ Rxe7 87. Kxe7 Kg7 88. Ke6 Kg6 89. Ke5 Kg5 90. Ke4 Kf6 91. Kf4 Kf7 92. Kf5 Kg7 93. Kxg4 Kg6 94. Kf4 Kf6 95. g4 Kg6 96. g5 Kg7 97. Kf5 Kf7 98. g6+ Kg7 99. Kg5 Kg8 100. Kf5 Kg7 101. Kg5 Kg8 102. Kf6 Kf8 103. g7+ 1/2-1/2

[Event "OLNW 2324 Hamelner SV - SK Union Oldenbu"]
[Site "?"]
[Date "2024.01.14"]
[Round "4.3"]
[White "Bredemeier, Dirk"]
[Black "Helmer, Jan"]
[Result "1/2-1/2"]
[WhiteElo "2250"]
[BlackElo "2160"]
[PlyCount "159"]
[EventDate "2024.??.??"]

1. c4 c5 2. g3 Nc6 3. Bg2 g6 4. Nc3 Bg7 5. a3 e6 6. e4 Nge7 7. Nge2 O-O 8. O-O b6 9. Rb1 Bb7 10. b4 d6 11. d3 Qd7 12. Be3 Nd4 13. Qd2 Nxe2+ 14. Nxe2 cxb4 15. axb4 d5 16. cxd5 exd5 17. Bh6 Bxh6 18. Qxh6 d4 19. b5 a5 20. bxa6 Bxa6 21. Qd2 b5 22. Nf4 Rab8 23. Qa5 Qd6 24. e5 Qb6 25. Qb4 Nc6 26. Qd6 Nd8 27. Qxb6 Rxb6 28. Nd5 Re6 29. Bh3 Rxe5 30. Nf6+ Kg7 31. Nd7 Rfe8 32. Nxe5 Rxe5 33. Rfc1 f5 34. Bg2 Re7 35. Rb4 Rd7 36. f4 Kf6 37. Kf2 h6 38. Rc5 Ne6 39. Rc6 Bb7 40. Rc1 g5 41. fxg5+ hxg5 42. Rxb5 Bxg2 43. Kxg2 Ra7 44. Re1 Ra2+ 45. Kg1 Ra6 46. Ree5 f4 47. Rf5+ Ke7 48. Rb7+ Kd6 49. Rf6 Ke5 50. Rh6 Kf5 51. Rb1 f3 52. h3 Ra5 53. Rf1 Ra3 54. Rxf3+ Ke5 55. Rh5 Ra1+ 56. Kg2 Ra2+ 57. Rf2 Ra3 58. Re2+ Kd5 59. Rd2 Nc5 60. Rxg5+ Kd6 61. Rxc5 Kxc5 62. Kf3 Kb4 63. Ke4 Kc3 64. Rh2 Ra8 65. h4 Re8+ 66. Kf5 Kxd3 67. h5 Ke3 68. g4 Rf8+ 69. Kg5 d3 70. h6 d2 71. Rh1 Rh8 72. Kh5 Rc8 73. Rd1 Rc1 74. Rxd2 Rh1+ 75. Kg6 Kxd2 76. g5 Ke3 77. Kh7 Kf4 78. Kg7 Kxg5 79. h7 Rxh7+ 80. Kxh7 1/2-1/2

[Event "OLNW 2324 Hamelner SV - SK Union Oldenbu"]
[Site "?"]
[Date "2024.01.14"]
[Round "4.4"]
[White "Renner, Kai"]
[Black "Meessen, Max"]
[Result "0-1"]
[WhiteElo "2153"]
[BlackElo "2145"]
[PlyCount "116"]
[EventDate "2024.??.??"]

1. e4 c5 2. Nf3 d6 3. d4 cxd4 4. Nxd4 Nf6 5. Nc3 a6 6. Be2 e6 7. f4 Be7 8. Be3 O-O 9. g4 d5 10. e5 Nfd7 11. O-O Nc6 12. Qd2 Nxd4 13. Bxd4 f6 14. Bd3 fxe5 15. fxe5 Nc5 16. Rxf8+ Bxf8 17. Rf1 Nxd3 18. cxd3 Bd7 19. Ne2 Be7 20. Be3 Rc8 21. Rc1 Rxc1+ 22. Qxc1 Qa5 23. a3 d4 24. Bxd4 Qd5 25. Qe3 Bc6 26. Qh3 Bh4 27. Kf1 g5 28. Bf2 Bxf2 29. Kxf2 Qxe5 30. Qe3 Qxh2+ 31. Ke1 Qh4+ 32. Ng3 Qxg4 33. Qe5 Bd5 34. Qc7 Qf4 35. Qd8+ Kf7 36. Qd7+ Kg6 37. Qe8+ Qf7 38. Qh8 Qg7 39. Qe8+ Qf7 40. Qh8 Bc6 41. Qe5 h5 42. Qe2 Bf3 43. Qe3 h4 44. Nf1 Bd5 45. Qe5 Qf6 46. Qb8 Qf4 47. Qe8+ Kf5 48. Qh5 Bb3 49. Qe2 h3 50. Qh5 Qh4+ 51. Qxh4 gxh4 52. Kf2 Kf4 53. Kg1 Bc2 54. d4 Bf5 55. Kh2 Ke4 56. Nd2+ Kxd4 57. Nb3+ Kd5 58. Na5 b6 0-1

[Event "OLNW 2324 Hamelner SV - SK Union Oldenbu"]
[Site "?"]
[Date "2024.01.14"]
[Round "4.5"]
[White "Wagner, Jan"]
[Black "Koch, Yannick"]
[Result "1-0"]
[WhiteElo "2151"]
[BlackElo "1981"]
[PlyCount "63"]
[EventDate "2024.??.??"]

1. c4 e5 2. g3 Nf6 3. Bg2 Nc6 4. Nc3 Bb4 5. Nd5 Be7 6. e3 O-O 7. Ne2 d6 8. O-O Bg4 9. h3 Be6 10. d4 Bd7 11. Bd2 Re8 12. b4 Qc8 13. Kh2 Nd8 14. Rc1 c6 15. Ndc3 Bf8 16. d5 Qc7 17. g4 g6 18. Ng3 h6 19. f4 Bg7 20. g5 Nh7 21. gxh6 Bxh6 22. f5 Bxf5 23. Nxf5 gxf5 24. Rxf5 f6 25. Qh5 Nf7 26. Be4 Bg7 27. Rf2 Nfg5 28. Bg6 Qd7 29. Ne4 Rf8 30. Rg1 Bh8 31. Bf5 Qe8 32. Qxh7# 1-0

[Event "OLNW 2324 Hamelner SV - SK Union Oldenbu"]
[Site "?"]
[Date "2024.01.14"]
[Round "4.6"]
[White "van Son, Lutz"]
[Black "Peters, Tom"]
[Result "1/2-1/2"]
[WhiteElo "2177"]
[BlackElo "2102"]
[PlyCount "33"]
[EventDate "2024.??.??"]

1. e4 c5 2. Nf3 d6 3. Bb5+ Bd7 4. Bxd7+ Qxd7 5. O-O Nc6 6. c3 Nf6 7. Re1 e6 8. d4 cxd4 9. cxd4 d5 10. e5 Ne4 11. Nbd2 Nxd2 12. Bxd2 Be7 13. Rc1 O-O 14. Qb3 Rac8 15. Rc2 Nb8 16. Rec1 h6 17. a4 1/2-1/2

[Event "OLNW 2324 Hamelner SV - SK Union Oldenbu"]
[Site "?"]
[Date "2024.01.14"]
[Round "4.7"]
[White "Schuette, Marc"]
[Black "Schmidt, Dennis"]
[Result "1-0"]
[WhiteElo "2119"]
[BlackElo "2047"]
[PlyCount "69"]
[EventDate "2024.??.??"]

1. e4 c5 2. c3 Nf6 3. e5 Nd5 4. d4 cxd4 5. Nf3 Nc6 6. cxd4 d6 7. exd6 e6 8. Nc3 Bxd6 9. Bc4 O-O 10. O-O a6 11. Qe2 Re8 12. Re1 Bd7 13. Ne4 Be7 14. Bg5 Bxg5 15. Nfxg5 h6 16. Nf3 b5 17. Bb3 Na5 18. Bc2 Bc6 19. Ne5 Rc8 20. Qh5 Rc7 21. Rad1 Nf6 22. Nxf6+ Qxf6 23. Nxc6 Rxc6 24. Be4 Rd6 25. a4 Rb8 26. b4 Nc4 27. Qc5 Qd8 28. axb5 axb5 29. g3 Nb2 30. Rd2 Na4 31. Qe5 Nb6 32. Qxb5 Rxd4 33. Rxd4 Qxd4 34. Qc5 Qd8 35. Bc6 1-0

[Event "OLNW 2324 Hamelner SV - SK Union Oldenbu"]
[Site "?"]
[Date "2024.01.14"]
[Round "4.8"]
[White "Reichelt, Ole"]
[Black "Warns, Heiko"]
[Result "1/2-1/2"]
[WhiteElo "1934"]
[BlackElo "2065"]
[PlyCount "45"]
[EventDate "2024.??.??"]

1. d4 Nf6 2. c4 e6 3. Nf3 Bb4+ 4. Bd2 Qe7 5. Nc3 O-O 6. Qc2 d6 7. a3 Bxc3 8. Bxc3 Nbd7 9. e3 e5 10. dxe5 Nxe5 11. Be2 Bd7 12. Nxe5 dxe5 13. Bf3 Rab8 14. O-O Qe6 15. Bb4 Rfd8 16. Rfd1 Bc6 17. Bxc6 Qxc6 18. h3 h6 19. Qf5 Rxd1+ 20. Rxd1 Re8 21. Qd3 b6 22. Bc3 a5 23. b4 1/2-1/2

[Event "OLNW 2324 SK Kirchweyhe II - SV Werder B"]
[Site "Kirchweyhe"]
[Date "2024.02.04"]
[Round "5.1"]
[White "Lichmann, Peter"]
[Black "Palac, Mladen"]
[Result "0-1"]
[WhiteElo "2334"]
[BlackElo "2460"]
[PlyCount "48"]
[EventDate "2024.??.??"]

1. e4 c5 2. d4 cxd4 3. c3 Nf6 4. e5 Nd5 5. Qxd4 e6 6. Nf3 Nc6 7. Qe4 f5 8. exf6 Nxf6 9. Qh4 d5 10. Bb5 Bd6 11. O-O O-O 12. Re1 Qc7 13. c4 Nb4 14. Na3 Nd3 15. Rd1 Nxc1 16. Raxc1 Bxa3 17. bxa3 Qa5 18. Nd4 a6 19. cxd5 axb5 20. dxe6 Qb6 21. Qh3 Re8 22. Qg3 Bxe6 23. Rc7 Nh5 24. Qc3 Rad8 0-1

[Event "OLNW 2324 SK Kirchweyhe II - SV Werder B"]
[Site "Kirchweyhe"]
[Date "2024.02.04"]
[Round "5.2"]
[White "Zeitlein, Michael"]
[Black "Kardoeus, David"]
[Result "1/2-1/2"]
[WhiteElo "2338"]
[BlackElo "2161"]
[PlyCount "194"]
[EventDate "2024.??.??"]

1. d4 Nf6 2. Nf3 g6 3. c4 Bg7 4. Nc3 O-O 5. Bg5 d6 6. e3 c5 7. dxc5 dxc5 8. Be2 Qb6 9. Qb3 Bf5 10. O-O Nc6 11. Rfd1 Ne4 12. Nxe4 Qxb3 13. axb3 Bxe4 14. Rd2 Rfd8 15. Rad1 Kf8 16. Bf4 Rxd2 17. Rxd2 Ke8 18. Ng5 Bb1 19. Bf3 Rc8 20. Bd5 e6 21. Be4 Ba2 22. Bc2 Rd8 23. Rxd8+ Nxd8 24. Ne4 b6 25. b4 e5 26. Bg5 f5 27. Ba4+ Kf8 28. Bxd8 fxe4 29. bxc5 bxc5 30. b3 Kf7 31. Kf1 Bf6 32. Ba5 Ke7 33. Ke2 Kd6 34. Kd2 Bb1 35. Kc3 Bd3 36. b4 Bf1 37. g3 Bh3 38. bxc5+ Kxc5 39. Bb4+ Kb6 40. Bd6 Kb7 41. c5 a6 42. Be8 Bd8 43. c6+ Kc8 44. Bxe5 Ba5+ 45. Kd4 Be1 46. Bf7 Kd8 47. Bc4 Bc8 48. Bg8 Bxf2 49. Bxh7 g5 50. Bf6+ Kc7 51. Bxg5 Kxc6 52. Bxe4+ Kd6 53. Bf4+ Ke7 54. h4 Bg4 55. Bd5 Kf6 56. Kd3 a5 57. e4 a4 58. Kc3 Be1+ 59. Kb2 Ke7 60. Bc6 Bd1 61. Ka3 Bf2 62. Bd5 Bc5+ 63. Ka2 Bf3 64. Bc6 Bd1 65. Bd5 Bf3 66. Bc1 Bf2 67. Bg5+ Kf8 68. Ka3 Bd1 69. Bf4 Bc5+ 70. Ka2 Bf3 71. Kb2 Ke7 72. Bc6 Bd4+ 73. Ka2 Bd1 74. Bg5+ Kd6 75. Bd5 Bf2 76. Bf4+ Ke7 77. e5 Bg4 78. Bg5+ Kd7 79. Bf4 Bc5 80. Bc4 Bd1 81. e6+ Ke7 82. Bg5+ Kf8 83. Bf6 Bd6 84. Bd5 Bg4 85. Kb2 Bb4 86. Ka1 Bd6 87. Ka2 Ke8 88. Bc6+ Kf8 89. Bd7 Bd1 90. e7+ Bxe7 91. Bxe7+ Kxe7 92. Bb5 Kf6 93. Ka3 Ke5 94. Bxa4 Bh5 95. Bc2 Kd4 96. Kb2 Ke3 97. Bf5 Kf3 1/2-1/2

[Event "OLNW 2324 SK Kirchweyhe II - SV Werder B"]
[Site "Kirchweyhe"]
[Date "2024.02.04"]
[Round "5.3"]
[White "Efimenko, Maria"]
[Black "Kuegel, Tobias"]
[Result "1/2-1/2"]
[WhiteElo "2223"]
[BlackElo "2422"]
[PlyCount "32"]
[EventDate "2024.??.??"]

1. e4 e5 2. Nf3 Nc6 3. Bb5 Nf6 4. d3 Bc5 5. c3 d5 6. exd5 Qxd5 7. Bc4 Qd6 8. Nbd2 Bf5 9. Qe2 O-O-O 10. Ng5 Bxd3 11. Nxf7 Bxe2 12. Nxd6+ cxd6 13. Bxe2 d5 14. Nb3 Bb6 15. O-O Rhf8 16. Be3 d4 1/2-1/2

[Event "OLNW 2324 SK Kirchweyhe II - SV Werder B"]
[Site "Kirchweyhe"]
[Date "2024.02.04"]
[Round "5.4"]
[White "Zaja, Ivan"]
[Black "Steffens, Olaf"]
[Result "1/2-1/2"]
[WhiteElo "2428"]
[BlackElo "2175"]
[PlyCount "87"]
[EventDate "2024.??.??"]

1. d4 Nc6 2. Nf3 g6 3. e4 Bg7 4. Nc3 d6 5. h3 Nf6 6. Be2 a6 7. Bg5 h6 8. Be3 b5 9. e5 Nd7 10. e6 fxe6 11. Nh4 Nf8 12. Nxg6 Nxg6 13. Bh5 Kd7 14. Bxg6 Qg8 15. Be4 Bb7 16. Qd2 e5 17. dxe5 Bxe5 18. O-O Qg7 19. f4 Bf6 20. a4 b4 21. Nd1 h5 22. c3 a5 23. cxb4 axb4 24. Rc1 Rhg8 25. Qc2 Ra6 26. Rf2 e6 27. Bd3 b3 28. Qxb3 Na5 29. Qb5+ c6 30. Qxh5 c5 31. Qh7 c4 32. Qxg7+ Rxg7 33. Bxc4 Nxc4 34. Rxc4 d5 35. Rb4 Bc6 36. Nc3 Rg3 37. Bd4 Bd8 38. Rd2 Ba5 39. Rb3 Bc7 40. Bf2 Bxf4 41. Rd4 Be5 42. Bxg3 Bxd4+ 43. Kh2 Bf6 44. Ra3 1/2-1/2